000 00934nam a22002177a 4500
999 _c20736
_d20736
005 20200127124403.0
008 200127b xxu||||| |||| 00| 0 spa d
040 _aCO-BoIAVH
_cCO-BoIAVH
041 _aspa
044 _ack
110 _aConsejo Comunitario de Córdoba y San Cipriano
245 _aVisión prospectiva y estratégica del consejo comunitario de Córdoba San Cipriano y Santa Helena
_cConsejo Comunitario de Córdoba y San Cipriano CC-CORYSAN, apoyo técnico Fundación FUNDAPAV
260 _as.l.
_bConsejo Comunitario de Córdoba y San Cipriano CC-CORYSAN
_cs.f.
300 _a23 páginas,
_bFotografías y formas a color
_c21.5 x 27.8 cm
650 0 _aProgramas de mejoramiento
650 0 _aAspectos sociales
650 0 _aProspección
651 0 _aValle del Cauca
_xMunicipio de Buenaventura
_zColombia
710 _aFundación FUNDAPAV
942 _2ddc
_cFolleto